000
00288nam a22001217a 4500
008
181218b xxu||||| |||| 00| 0 eng d
041
_a
eng
080
_a
030
100
_a
23
101
_a
ENC
245
_a
The New Century Italian Renaissance Encyclopedia
_c
Avery, C.B
942
_2
udc
_c
BK
999
_c
53411
_d
53411